| 000 | 00000nam##2200000za#4500 |
| 001 | 9.618155 |
| 003 | CaOODSP |
| 005 | 20210615102639 |
| 007 | ta |
| 008 | 150406|2006||||xxc||||| f|0| 0 eng|d |
| 022 | |a0706-6473 |
| 040 | |aCaOODSP|beng |
| 043 | |an-cn--- |
| 086 | 1 |aFs97-4/2775E |
| 110 | 1 |aCanada. |bDepartment of Fisheries and Oceans. |
| 245 | 10|aDevelopment of the Jonah crab, Cancer borealis, and rock crab, Cancer irroratus, fisheries in the Bay of Fundy (LFAs 35-38) and off southwest Nova Scotia (LFA 34) : |bexploratory to commercial status (1995-2004) / |cby D.A. Robichaud and C. Frail. |
| 260 | |aSt. Andrews - New Brunswick : |bFisheries and Oceans Canada |c2006. |
| 300 | |aiii, 48p. : |bgraphs, maps, references, tables ; |c28 cm. |
| 490 | 1 |aCanadian manuscript report of fisheries and aquatic sciences|x0706-6473|vNo. 2775 |
| 500 | |a"Science Branch, Maritimes Region, Fisheries and Oceans Canada, Biological Station, 531 Brandy Cove Road, St. Andrews, NB, E5B 2L9." |
| 520 | 3 |aThis report is part of a series that contains scientific and technical information that contributes to existing knowledge but deals with national or regional problems. They are distributed to institutions and individuals in the relevant areas of Canada. The subject matter reflects the interests and policies of the Department of Fisheries and Oceans. |
| 546 | |a(Résumé en français.) |
| 563 | |aSoftcover |
| 590 | |a07-04|b2007-01-26 |
| 690 | 07|aFisheries|2gcpds |
| 690 | 07|aSalt water fish|2gcpds |
| 720 | 1 |aRobichaud, D. A. |
| 720 | 1 |aFrail, C. |
| 776 | 0#|tDevelopment of the Jonah crab, Cancer borealis, and rock crab, Cancer irroratus, fisheries in the Bay of Fundy (LFAs 35-38) and off southwest Nova Scotia (LFA 34) : |w(CaOODSP)9.580060 |
| 830 | #0|aCanadian manuscript report of fisheries and aquatic sciences,|x0706-6473|vNo. 2775|w(CaOODSP)9.514688 |